Das königsduell und andere anekdoten ... (Record no. 3033)
[ view plain ]
| 000 -LEADER | |
|---|---|
| fixed length control field | 00944cam a22002651 4500 |
| 001 - CONTROL NUMBER | |
| control field | af 47005280 |
| 003 - CONTROL NUMBER IDENTIFIER | |
| control field | DLC |
| 005 - DATE AND TIME OF LATEST TRANSACTION | |
| control field | 20260227110830.0 |
| 008 - FIXED-LENGTH DATA ELEMENTS--GENERAL INFORMATION | |
| fixed length control field | 890404s1942 gw 000 0 ger c |
| 010 ## - LIBRARY OF CONGRESS CONTROL NUMBER | |
| LC control number | af 47005280 |
| 035 ## - SYSTEM CONTROL NUMBER | |
| System control number | (OCoLC)19494409 |
| 040 ## - CATALOGING SOURCE | |
| Original cataloging agency | Illinois. Univ. Library |
| Transcribing agency | CU |
| Modifying agency | CU |
| -- | OCoLC |
| -- | DLC |
| 042 ## - AUTHENTICATION CODE | |
| Authentication code | premarc |
| 050 00 - LIBRARY OF CONGRESS CALL NUMBER | |
| Classification number | PT2611.R186 |
| Item number | K6 |
| 082 ## - DEWEY DECIMAL CLASSIFICATION NUMBER | |
| Classification number | 833.91 |
| 100 1# - MAIN ENTRY--PERSONAL NAME | |
| Personal name | Franck, Hans, |
| Dates associated with a name | 1879- |
| 245 14 - TITLE STATEMENT | |
| Title | Das königsduell und andere anekdoten ... |
| 250 ## - EDITION STATEMENT | |
| Edition statement | Feldpostausgabe. |
| 260 ## - PUBLICATION, DISTRIBUTION, ETC. | |
| Place of publication, distribution, etc. | Stuttgart, |
| Name of publisher, distributor, etc. | Verlag Deutsche volksbucher gmbh. |
| Date of publication, distribution, etc. | [1942] |
| 300 ## - PHYSICAL DESCRIPTION | |
| Extent | 63, [1] p. |
| Dimensions | 20 cm. |
| 440 #0 - SERIES STATEMENT/ADDED ENTRY--TITLE | |
| Title | Wiesbadener volksbücher. |
| Volume/sequential designation | Nr. 281 |
| 500 ## - GENERAL NOTE | |
| General note | "31.-50. tausend, 1942." |
| 500 ## - GENERAL NOTE | |
| General note | "Die einführung schrieb Hans Knudsen." |
| 505 0# - FORMATTED CONTENTS NOTE | |
| Formatted contents note | Das königsduell.--Lauter - -lauter - -.--Das königstedeum.--Taliter.--U.d.v.r.w.--Wode!--Das lederbeutelchen.--Herr hund.--Seinselbst vergessen.--Kiekuut.--Das rätsel. |
No items available.